Nommez les villes autrichiennes - Sudden Death - Statistiques

Statistiques générales
  • Ce quiz a été pris 30 fois
  • Le résultat moyen est 9 sur 19
Answers on the Grid
Answers color-coded by a green-red scale on the quiz's grid according to % correct below.
Bratislava
Wels
Eisenstadt
Enns
Rosenheim
Salzbourg
Kempten
Saint-Pölten
Vienne
Graz
Klagenfurt
Saint Gall
Linz
Villach
Innsbruck
Ried im Innkreis
Steyr
Davos
Merano
Bischofshofen
Maribor
Brégence
Sopron
Körmend
Amstetten
Melk
Wiener Neustadt
Memmingen
Ravensbourg
Dornbirn
 
Statistiques - réponses
Réponse % Correct
Vienne
100%
Linz
83%
Salzbourg
83%
Graz
67%
Innsbruck
67%
Klagenfurt
67%
Eisenstadt
50%
Enns
50%
Saint-Pölten
50%
Wiener Neustadt
50%
Steyr
33%
Melk
33%
Ried im Innkreis
33%
Villach
33%
Wels
33%
Amstetten
17%
Bischofshofen
17%
Brégence
17%
Dornbirn
17%
Aucun quiz correspondant
Distribution des résultats
% des personnes avec chaque résultat
Percentile par nombre de réponses
Votre historique - résultats
Vous n’avez pas pris ce quiz